PC software / (Record no. 39045)

MARC details
000 -LEADER
fixed length control field 00878nam a22002537a 4500
005 - DATE AND TIME OF LATEST TRANSACTION
control field 20100803155452.0
010 ## - LCCN (DPL NO)
LC control number ENG-97858
020 ## - INTERNATIONAL STANDARD BOOK NUMBER
International Standard Book Number 9788183333894
Terms of availability 195.00
035 ## - SYSTEM CONTROL NUMBER
System control number EN-81391
037 ## - SOURCE OF ACQUISITION
Source of stock number/acquisition DBAD/PUB
082 ## - DEWEY DECIMAL CLASSIFICATION NUMBER
Classification number 005.3
100 ## - MAIN ENTRY--PERSONAL NAME
Personal name Jain, Satish
245 ## - TITLE STATEMENT
Title PC software /
Statement of responsibility, etc by Satish Jain, Shalini Jain [and] M. Geetha
260 ## - PUBLICATION, DISTRIBUTION, ETC. (IMPRINT)
Place of publication, distribution, etc New Delhi
Name of publisher, distributor, etc BPB Publications
Date of publication, distribution, etc 2010
270 ## - ADDRESS
Address B-14, Connaught Place
City New Delhi
Postal code 110001
300 ## - PHYSICAL DESCRIPTION
Extent xx,333p.:
Other physical details ill.
Dimensions 24cm (pbk)
500 ## - GENERAL NOTE
General note Includes index
650 ## - SUBJECT ADDED ENTRY--TOPICAL TERM
Topical term or geographic name as entry element Application Software
650 ## - SUBJECT ADDED ENTRY--TOPICAL TERM
Topical term or geographic name as entry element Operating Systems (computers)
700 ## - ADDED ENTRY--PERSONAL NAME
Personal name Jain, Shalini
9 (RLIN) 5448
700 ## - ADDED ENTRY--PERSONAL NAME
Personal name Geetha, M.
9 (RLIN) 5449
942 ## - ADDED ENTRY ELEMENTS (KOHA)
Source of classification or shelving scheme Dewey Decimal Classification
Item type English Books
Classification part 005.3
Call number suffix JAI
Holdings
Withdrawn status Lost status Not for loan Collection code Home library Current library Date acquired Source of acquisition Cost, normal purchase price Full call number Barcode Copy number Cost, replacement price Koha item type
    Not For Loan Non-fiction D.B.Act.Division D.B.Act.Division 03/08/2010 DBAD/PUB 195.00 005.3 JAI EN-81391 1 195.00 English Books

© Delhi Public Library
Hit Counter
free hit counter